00699nam a2200193 a 450000100060000000300090000600800410001502000150005604000280007108200150009910000170011424500470013126000320017830000100021050502200022065000360044065000150047665000140049123051CO-ViMGA141112s2004 ck r 000 u spa d a9587031601 aCO-ViMGAbspacCO-ViMGA04a613.7 E5371 aBarone, Luis10aDieta sana y gimnasia en forma y con salud aColombia : bPanAméricana a360p. aAlimentacion y salud, Los nutrientes esenciales, Alimentacion equilibrada, Grupos de alimentos, En busca del peso ideal, Obesida y sobrepeso, Tipos de obesidad, Dietas de moda, Tablas de composicion, Gimnasia facial14aALIMENTACION - SALUD - HUMANOS 14aOBESIDAD 14aSOBREPESO